Roberto Clemente : (Record no. 1993)
[ view plain ]
| 000 -LEADER | |
|---|---|
| fixed length control field | 01979cam a22003974a 4500 |
| 001 - CONTROL NUMBER | |
| control field | 1993 |
| 003 - CONTROL NUMBER IDENTIFIER | |
| control field | FISKH9781416950820 |
| 005 - DATE AND TIME OF LATEST TRANSACTION | |
| control field | 20231024151114.0 |
| 008 - FIXED-LENGTH DATA ELEMENTS--GENERAL INFORMATION | |
| fixed length control field | 031119s2005 nyua b 000 0beng |
| 010 ## - LIBRARY OF CONGRESS CONTROL NUMBER | |
| LC control number | 2003025546 |
| 020 ## - INTERNATIONAL STANDARD BOOK NUMBER | |
| International Standard Book Number | 0689856431 |
| 020 ## - INTERNATIONAL STANDARD BOOK NUMBER | |
| International Standard Book Number | 9781416950820 |
| 040 ## - CATALOGING SOURCE | |
| Original cataloging agency | DLC |
| Transcribing agency | DLC |
| Modifying agency | DLC |
| Language of cataloging | eng |
| 042 ## - AUTHENTICATION CODE | |
| Authentication code | pcc |
| -- | lcac |
| 043 ## - GEOGRAPHIC AREA CODE | |
| Geographic area code | nwpr--- |
| -- | n-us-pa |
| 050 00 - LIBRARY OF CONGRESS CALL NUMBER | |
| Classification number | GV865.C45 |
| Item number | W56 2005 |
| 082 00 - DEWEY DECIMAL CLASSIFICATION NUMBER | |
| Classification number | 796.357/092 |
| -- | B |
| Edition number | 22 |
| 100 1# - MAIN ENTRY--PERSONAL NAME | |
| Personal name | Winter, Jonah, |
| Dates associated with a name | 1962- |
| 245 10 - TITLE STATEMENT | |
| Title | Roberto Clemente : |
| Remainder of title | pride of the Pittsburgh Pirates / |
| Statement of responsibility, etc. | by Jonah Winter ; illustrated by Raúl Colón. |
| 260 ## - PUBLICATION, DISTRIBUTION, ETC. | |
| Place of publication, distribution, etc. | New York : |
| Name of publisher, distributor, etc. | Aladdin, |
| Date of publication, distribution, etc. | 2005. |
| 300 ## - PHYSICAL DESCRIPTION | |
| Extent | 40 unnumbered pages : |
| Other physical details | color illustrations ; |
| Dimensions | 28 cm |
| 505 ## - FORMATTED CONTENTS NOTE | |
| Formatted contents note | T<br/> |
| 520 ## - SUMMARY, ETC. | |
| Summary, etc. | On an island called Puerto Rico a boy named Roberto Clemente dreamed of nothing but winning at baseball. With no money -- but plenty of determination -- Clemente practiced on muddy fields with a glove made from a coffee sack. Little League became minor league, which turned into winter league...and, finally, he made it to the major leagues! With lightning speed, towering home runs, and grand slams, Clemente introduced himself to America. Spare, evocative language -- and magnificent illustrations -- tell the story of a great athlete and even greater man who rose through the ranks of baseball to become one of the most admired players of all time. |
| 521 8# - TARGET AUDIENCE NOTE | |
| Target audience note | 800<br/> |
| Source | Lexile <br/> |
| 521 8# - TARGET AUDIENCE NOTE | |
| Target audience note | T<br/> |
| Source | Raz-Plus<br/> |
| 600 10 - SUBJECT ADDED ENTRY--PERSONAL NAME | |
| Personal name | Clemente, Roberto, |
| Dates associated with a name | 1934-1972 |
| Form subdivision | Juvenile literature. |
| 600 11 - SUBJECT ADDED ENTRY--PERSONAL NAME | |
| Personal name | Clemente, Roberto, |
| Dates associated with a name | 1934-1972. |
| 610 20 - SUBJECT ADDED ENTRY--CORPORATE NAME | |
| Corporate name or jurisdiction name as entry element | Pittsburgh Pirates (Baseball team) |
| Form subdivision | Juvenile literature. |
| 610 21 - SUBJECT ADDED ENTRY--CORPORATE NAME | |
| Corporate name or jurisdiction name as entry element | Pittsburgh Pirates (Baseball team) |
| 650 #0 - SUBJECT ADDED ENTRY--TOPICAL TERM | |
| Topical term or geographic name entry element | Baseball players |
| Geographic subdivision | Puerto Rico |
| Form subdivision | Biography |
| -- | Juvenile literature. |
| 650 #1 - SUBJECT ADDED ENTRY--TOPICAL TERM | |
| Topical term or geographic name entry element | Baseball players. |
| 650 #1 - SUBJECT ADDED ENTRY--TOPICAL TERM | |
| Topical term or geographic name entry element | Puerto Ricans |
| Form subdivision | Biography. |
| 700 1# - ADDED ENTRY--PERSONAL NAME | |
| Personal name | Colón, Raúl, |
| Relator term | illustrator |
| 906 ## - LOCAL DATA ELEMENT F, LDF (RLIN) | |
| a | 7 |
| b | cbc |
| c | orignew |
| d | 1 |
| e | ecip |
| f | 20 |
| g | y-gencatlg |
| 942 ## - ADDED ENTRY ELEMENTS (KOHA) | |
| Source of classification or shelving scheme | Dewey Decimal Classification |
| Koha item type | Books |
| Suppress in OPAC | No |
| Withdrawn status | Lost status | Source of classification or shelving scheme | Damaged status | Not for loan | Collection | Home library | Current library | Shelving location | Date acquired | Total Checkouts | Full call number | Barcode | Date last seen | Price effective from | Koha item type |
|---|---|---|---|---|---|---|---|---|---|---|---|---|---|---|---|
| Dewey Decimal Classification | Non-Fiction | Footprints International School Library Network Toul Kork Campus | Footprints International School Library Network Toul Kork Campus | A TK Campus, 4th Floor, Room B401, Non-Fiction Bookcases(7-8) | 10/24/2023 | WIN 796.357 GV865.C45 | FISTK02173 | 10/24/2023 | 10/24/2023 | Books |
